| 000 | 00475nam a2200181Ia 4500 | ||
|---|---|---|---|
| 005 | 20250423101434.0 | ||
| 008 | 250422s9999 xx 000 0 und d | ||
| 020 | _a9780618391110 | ||
| 050 | _aPZ 3 .T65/ | ||
| 100 | _aTolkien, J. R. R. | ||
| 245 | 4 | _aThe Silmarillion | |
| 260 | _aNew York | ||
| 260 | _bHoughton Mifflin Company | ||
| 260 | _c2004 | ||
| 300 | _a386 p | ||
| 650 | _aMiddle Earth (Imaginary place)--Fiction. Fantasy fiction, English. | ||
| 942 | _cBK | ||
| 999 |
_c36304 _d36304 |
||